Where's My Border Gone? (Africa) Quiz Stats

 Plays Quiz Updated Jan 14, 2016

Challenge
Share
Tweet
Score 0/15 Timer 05:00
1 Play Today
% Correct
Libya - Egypt
97.3%
Sudan - South Sudan
93.8%
Morocco- Algeria
92.3%
Ethiopia - Somalia
91.2%
South Africa - Lesotho
89.7%
Angola - Namibia
89.1%
Chad - Niger
86.1%
Tanzania - Mozambique
84.9%
% Correct
Mauritania - Mali
81%
Botswana - Zimbabwe
78.7%
Central African
Republic - Cameroon
77.3%
Côte
d'Ivoire
- Ghana
76.8%
Benin - Nigeria
75.2%
Republic
of the Congo -
Democratic
Republic
of the Congo
74.7%
Uganda - Kenya
73.7%

You're not logged in!

Compare scores with friends on all Sporcle quizzes.
Join for Free
OR
Log In

You Might Also Like...

Show Comments

Extras

Top Quizzes Today


Score Distribution

Your Account Isn't Verified!

In order to create a playlist on Sporcle, you need to verify the email address you used during registration. Go to your Sporcle Settings to finish the process.

Report this User

Report this user for behavior that violates our Community Guidelines.

Details: